[Event "Zurich Jubilee Open 2009"]
[Site "Zuerich SUI"]
[Date "2009.08.11"]
[Round "4.20"]
[White "Roy Chowdhury, Saptarshi"]
[Black "Malakhatko, Vadim"]
[Result "1/2-1/2"]
[WhiteElo "2435"]
[BlackElo "2570"]
[PlyCount "61"]
[EventDate "2009.08.09"]
[EventType "swiss"]
[EventRounds "9"]
[EventCountry "SUI"]
[Source "lmi"]
[SourceDate "2009.08.09"]

1. e4 c6 2. d4 d5 3. Nc3 dxe4 4. Nxe4 Bf5 5. Ng3 Bg6 6. h4 h6 7. Nf3 Nd7 8. h5
Bh7 9. Bd3 Bxd3 10. Qxd3 e6 11. Bd2 Ngf6 12. O-O-O Be7 13. Ne4 Nxe4 14. Qxe4
Nf6 15. Qe2 Qd5 16. c4 Qe4 17. Qxe4 Nxe4 18. Be3 O-O 19. Ne5 Rad8 20. g4 Rfe8
21. f3 Nd6 22. b3 f6 23. Ng6 Nf7 24. f4 Nd6 25. Kc2 Kf7 26. Rhf1 Ne4 27. Rg1 b6
28. Kd3 Nc5+ 29. Kc2 Ne4 30. Kd3 Nc5+ 31. Kc2 1/2-1/2

[Event "Zurich Jubilee Open 2009"]
[Site "Zuerich SUI"]
[Date "2009.08.11"]
[Round "4.21"]
[White "Hobuss, Udo"]
[Black "Saric, Ivan"]
[Result "1-0"]
[WhiteElo "2400"]
[BlackElo "2561"]
[PlyCount "55"]
[EventDate "2009.08.09"]
[EventType "swiss"]
[EventRounds "9"]
[EventCountry "SUI"]
[Source "lmi"]
[SourceDate "2009.08.09"]

1. d4 Nf6 2. c4 g6 3. Nc3 Bg7 4. e4 d6 5. Be2 O-O 6. Nf3 e5 7. O-O Nc6 8. d5
Ne7 9. a4 a5 10. Ne1 b6 11. Ra3 Nd7 12. Nd3 Ba6 13. Nb5 f5 14. f3 Nc5 15. Nxc5
dxc5 16. Bg5 Bf6 17. Bxf6 Rxf6 18. f4 exf4 19. e5 Rf8 20. d6 Rc8 21. dxe7 Qxe7
22. Na7 Rce8 23. Nc6 Qe6 24. Bf3 Kg7 25. Bd5 Qd7 26. Rd3 g5 27. Re1 Bb7 28. e6
1-0

[Event "Zurich Jubilee Open 2009"]
[Site "Zuerich SUI"]
[Date "2009.08.11"]
[Round "4.23"]
[White "Modler, Andreas"]
[Black "Bischoff, Klaus"]
[Result "0-1"]
[WhiteElo "2275"]
[BlackElo "2551"]
[PlyCount "80"]
[EventDate "2009.08.09"]
[EventType "swiss"]
[EventRounds "9"]
[EventCountry "SUI"]
[Source "lmi"]
[SourceDate "2009.08.09"]

1. d4 Nf6 2. c4 e6 3. Nf3 b6 4. g3 Bb4+ 5. Bd2 Be7 6. Bg2 c6 7. O-O O-O 8. Bf4
d5 9. Ne5 Nfd7 10. Nxd7 Qxd7 11. Nd2 Rd8 12. cxd5 cxd5 13. Rc1 Nc6 14. Nf3 Ba6
15. a3 Rac8 16. b4 Bc4 17. Ne5 Nxe5 18. Bxe5 a5 19. Rb1 axb4 20. axb4 Ra8 21.
Rb2 Ra4 22. Bc7 Rda8 23. Bxb6 Qb5 24. Bc7 Rxb4 25. Rxb4 Bxb4 26. Bf3 Bc3 27.
Qc2 Bxd4 28. Rb1 Bxf2+ 29. Kg2 Qd7 30. Rb8+ Rxb8 31. Bxb8 Bc5 32. e4 Qb5 33.
exd5 Bxd5 34. Bxd5 exd5 35. Ba7 Bf8 36. Bd4 Qe8 37. Qb2 h5 38. h3 Qe4+ 39. Kh2
f6 40. Qb6 Kh7 0-1

[Event "Zurich Jubilee Open 2009"]
[Site "Zuerich SUI"]
[Date "2009.08.12"]
[Round "5.2"]
[White "Pelletier, Yannick"]
[Black "Fridman, Daniel"]
[Result "1/2-1/2"]
[WhiteElo "2574"]
[BlackElo "2665"]
[PlyCount "98"]
[EventDate "2009.08.09"]
[EventType "swiss"]
[EventRounds "9"]
[EventCountry "SUI"]
[Source "lmi"]
[SourceDate "2009.08.09"]

1. d4 d5 2. Nf3 Nf6 3. c4 e6 4. Nc3 Be7 5. Bg5 h6 6. Bh4 O-O 7. e3 Ne4 8. Bxe7
Qxe7 9. Rc1 Nxc3 10. Rxc3 c6 11. Be2 Nd7 12. O-O dxc4 13. Bxc4 e5 14. Qb1 exd4
15. exd4 Qd6 16. Re3 Nb6 17. Bb3 Nd5 18. Re5 Be6 19. Rfe1 Nf4 20. Qd1 Bd5 21.
g3 Ng6 22. R5e3 Rad8 23. h4 Rd7 24. h5 Bxb3 25. Qxb3 Ne7 26. Ne5 Rc7 27. Nc4
Qd8 28. Re5 Rd7 29. Nd6 Rxd6 30. Rxe7 Rd7 31. Qa3 Rxe7 32. Rxe7 Qxd4 33. Rxb7
Qd1+ 34. Kg2 Qxh5 35. Rxa7 Qe2 36. Qf3 Qxb2 37. Qxc6 Qb8 38. Rb7 Qa8 39. a4 h5
40. Qe4 g6 41. Qc6 Kg7 42. Qe4 Kg8 43. Re7 f5 44. Qb7 Rb8 45. Rg7+ Kf8 46. Qxa8
Rxa8 47. Rxg6 Rxa4 48. Rf6+ Kg7 49. Rxf5 Kg6 1/2-1/2

[Event "Zurich Jubilee Open 2009"]
[Site "Zuerich SUI"]
[Date "2009.08.12"]
[Round "5.3"]
[White "Roiz, Michael"]
[Black "Bosiocic, Marin"]
[Result "1/2-1/2"]
[WhiteElo "2658"]
[BlackElo "2551"]
[PlyCount "74"]
[EventDate "2009.08.09"]
[EventType "swiss"]
[EventRounds "9"]
[EventCountry "SUI"]
[Source "lmi"]
[SourceDate "2009.08.09"]

1. Nf3 Nf6 2. c4 e6 3. Nc3 Bb4 4. g3 O-O 5. Qb3 Bxc3 6. Qxc3 b6 7. Bg2 Bb7 8.
O-O d6 9. b3 Nbd7 10. Bb2 c5 11. d4 Qe7 12. Rad1 Be4 13. Bh3 d5 14. dxc5 Nxc5
15. Ne5 dxc4 16. Nxc4 Rfd8 17. f3 Bb7 18. Qe5 Rxd1 19. Rxd1 Rd8 20. Rxd8+ Qxd8
21. Qd6 Qf8 22. Bd4 Ncd7 23. Qc7 Qc8 24. Qxc8+ Bxc8 25. e4 Ne8 26. Kf2 Kf8 27.
Bb2 Ke7 28. Ke3 Ba6 29. Kd4 Bxc4 30. Kxc4 Nd6+ 31. Kd4 f6 32. Bf1 Ne5 33. Be2
Nc6+ 34. Kc3 e5 35. Kd2 Nb4 36. a3 Nc6 37. b4 b5 1/2-1/2

[Event "Zurich Jubilee Open 2009"]
[Site "Zuerich SUI"]
[Date "2009.08.12"]
[Round "5.4"]
[White "Bischoff, Klaus"]
[Black "Fedorchuk, Sergey A"]
[Result "1/2-1/2"]
[WhiteElo "2551"]
[BlackElo "2655"]
[PlyCount "59"]
[EventDate "2009.08.09"]
[EventType "swiss"]
[EventRounds "9"]
[EventCountry "SUI"]
[Source "lmi"]
[SourceDate "2009.08.09"]

1. c4 e5 2. Nc3 Nf6 3. Nf3 Nc6 4. d3 Be7 5. a3 O-O 6. e3 d5 7. cxd5 Nxd5 8. Bd2
Kh8 9. Be2 f5 10. b4 Bf6 11. Nxd5 Qxd5 12. Bc3 Be6 13. O-O a5 14. Rb1 axb4 15.
axb4 Ra3 16. Qc1 Ra2 17. Nd2 Qd7 18. Rb2 Rxb2 19. Qxb2 Nd4 20. Bd1 Nb5 21. Bxe5
Qxd3 22. Nf3 Nc3 23. Bxf6 Rxf6 24. Ne5 Nxd1 25. Qa1 Qc3 26. Rxd1 Qxa1 27. Rxa1
Rf8 28. b5 Rd8 29. h4 g6 30. Rc1 1/2-1/2

[Event "Zurich Jubilee Open 2009"]
[Site "Zuerich SUI"]
[Date "2009.08.12"]
[Round "5.5"]
[White "Lopez Martinez, Josep Manuel"]
[Black "Avrukh, Boris"]
[Result "1/2-1/2"]
[WhiteElo "2555"]
[BlackElo "2641"]
[PlyCount "37"]
[EventDate "2009.08.09"]
[EventType "swiss"]
[EventRounds "9"]
[EventCountry "SUI"]
[Source "lmi"]
[SourceDate "2009.08.09"]

1. e4 c5 2. Nf3 d6 3. d4 cxd4 4. Nxd4 Nf6 5. Nc3 Nc6 6. Bg5 e6 7. Qd2 a6 8.
O-O-O Be7 9. f4 Bd7 10. Nf3 b5 11. Bxf6 gxf6 12. f5 Qb6 13. Kb1 O-O-O 14. Qh6
Kb8 15. Qh5 Be8 16. Qh3 Bd7 17. Qh5 Be8 18. Qh3 Bd7 19. Qh5 1/2-1/2

[Event "Zurich Jubilee Open 2009"]
[Site "Zuerich SUI"]
[Date "2009.08.12"]
[Round "5.6"]
[White "Kuzubov, Yuriy"]
[Black "Pavlovic, Milos"]
[Result "1/2-1/2"]
[WhiteElo "2635"]
[BlackElo "2535"]
[PlyCount "122"]
[EventDate "2009.08.09"]
[EventType "swiss"]
[EventRounds "9"]
[EventCountry "SUI"]
[Source "lmi"]
[SourceDate "2009.08.09"]

1. Nf3 d5 2. d4 Nf6 3. c4 c6 4. e3 Bg4 5. Nc3 e6 6. h3 Bxf3 7. Qxf3 Nbd7 8. Bd3
Bd6 9. cxd5 exd5 10. g4 Nf8 11. Bd2 Ne6 12. O-O-O Qe7 13. Qg2 O-O-O 14. Kb1 g6
15. h4 Kb8 16. f3 Ka8 17. Bc1 Bb4 18. Ne2 Ba5 19. Bc2 Ne8 20. e4 N8c7 21. e5
Bb6 22. Be3 h5 23. Qf2 Na6 24. Bb3 f6 25. gxh5 Rxh5 26. Bc2 Nb4 27. Ng3 Nxc2
28. Qxc2 Rhh8 29. Nf1 fxe5 30. dxe5 d4 31. Bc1 Qf7 32. Nd2 d3 33. Qb3 Qf5 34.
Rde1 Nd4 35. Qc4 Nxf3 36. Rhf1 Rxh4 37. Rxf3 Rxc4 38. Rxf5 Rxc1+ 39. Kxc1 gxf5
40. Rf1 Be3 41. Rxf5 Rh8 42. Kd1 Kb8 43. e6 Kc7 44. Rf7+ Kd6 45. Rd7+ Kxe6 46.
Rxd3 Bf4 47. Nf3 Rh1+ 48. Kc2 Rc1+ 49. Kb3 c5 50. Rc3 Rf1 51. Kc4 b6 52. a4 Kf5
53. Kd5 Rd1+ 54. Kc6 Ke4 55. Kb7 Rd7+ 56. Ka6 Rg7 57. b3 Be3 58. Ne1 Rg1 59.
Nc2 Bd4 60. Rh3 Rg7 61. Na3 Be3 1/2-1/2

[Event "Zurich Jubilee Open 2009"]
[Site "Zuerich SUI"]
[Date "2009.08.12"]
[Round "5.7"]
[White "Agopov, Mikael"]
[Black "Golod, Vitali"]
[Result "0-1"]
[WhiteElo "2442"]
[BlackElo "2599"]
[PlyCount "132"]
[EventDate "2009.08.09"]
[EventType "swiss"]
[EventRounds "9"]
[EventCountry "SUI"]
[Source "lmi"]
[SourceDate "2009.08.09"]

1. e4 e5 2. Nf3 Nc6 3. Bb5 a6 4. Ba4 Nf6 5. O-O Be7 6. Re1 b5 7. Bb3 d6 8. c3
O-O 9. h3 Na5 10. Bc2 c5 11. d4 Qc7 12. Nbd2 cxd4 13. cxd4 Nc6 14. Nb3 a5 15.
Be3 a4 16. Nbd2 Bd7 17. Rc1 Qb7 18. Qe2 Rfe8 19. Bd3 Rab8 20. dxe5 Nxe5 21.
Nxe5 dxe5 22. Nf3 Bf8 23. Bc5 Bc6 24. Bxf8 Kxf8 25. Rc5 Nd7 26. Rc2 Nf6 27. Nh4
Bd7 28. Rec1 Rbc8 29. Nf5 Rxc2 30. Rxc2 Qb6 31. Qe3 Qxe3 32. Nxe3 Ke7 33. Nf5+
Bxf5 34. exf5 Rb8 35. Rc5 e4 36. Bxb5 Kd6 37. Rc6+ Ke5 38. Bxa4 Rxb2 39. Rc5+
Kd6 40. Rc2 Rb7 41. Kh2 Ke5 42. Rc5+ Kf4 43. Bd1 Rd7 44. g3+ Kg5 45. h4+ Kh6
46. Bb3 Ng4+ 47. Kg1 f6 48. Kf1 e3 49. Rd5 Re7 50. Bd1 Nxf2 51. Bf3 Ne4 52.
Bxe4 Rxe4 53. Ke2 Rg4 54. a4 Rxg3 55. a5 Rg4 56. Kxe3 Rxh4 57. a6 Ra4 58. Rd6
Kg5 59. Rd7 g6 60. fxg6 hxg6 61. a7 f5 62. Rg7 Kh5 63. Kf3 g5 64. Rh7+ Kg6 65.
Re7 Ra3+ 66. Kg2 f4 0-1

[Event "Zurich Jubilee Open 2009"]
[Site "Zuerich SUI"]
[Date "2009.08.12"]
[Round "5.8"]
[White "Heimann, Andreas"]
[Black "Sandipan, Chanda"]
[Result "0-1"]
[WhiteElo "2435"]
[BlackElo "2585"]
[PlyCount "56"]
[EventDate "2009.08.09"]
[EventType "swiss"]
[EventRounds "9"]
[EventCountry "SUI"]
[Source "lmi"]
[SourceDate "2009.08.09"]

1. e4 c5 2. Nf3 d6 3. d4 cxd4 4. Nxd4 Nf6 5. Nc3 e6 6. g4 h6 7. h3 a6 8. Bg2 g5
9. b3 Nbd7 10. Bb2 Ne5 11. Qd2 Nfd7 12. O-O-O b5 13. h4 Rg8 14. hxg5 hxg5 15.
Nce2 Bb7 16. Ng3 Ng6 17. Rh7 Be7 18. Nh5 Ndf8 19. Rg7 Rxg7 20. Nxg7+ Kd7 21.
Nh5 Qc7 22. Nf5 exf5 23. gxf5 Nf4 24. Nxf4 gxf4 25. e5 Bxg2 26. exd6 Qxd6 27.
Qxf4 Bd5 28. Qg4 f6 0-1

[Event "Zurich Jubilee Open 2009"]
[Site "Zuerich SUI"]
[Date "2009.08.12"]
[Round "5.10"]
[White "Sutovsky, Emil"]
[Black "Vorotnikov, Vladislav"]
[Result "1-0"]
[WhiteElo "2675"]
[BlackElo "2426"]
[PlyCount "55"]
[EventDate "2009.08.09"]
[EventType "swiss"]
[EventRounds "9"]
[EventCountry "SUI"]
[Source "lmi"]
[SourceDate "2009.08.09"]

1. e4 d6 2. d4 e5 3. Nf3 exd4 4. Nxd4 g6 5. Nc3 Bg7 6. Be3 Nf6 7. Qd2 O-O 8.
O-O-O Nc6 9. f3 Re8 10. g4 d5 11. g5 Nh5 12. Nxd5 Nxd4 13. Bxd4 Bxd4 14. Qxd4
Qxg5+ 15. Qd2 Qe5 16. Qc3 Qg5+ 17. Qd2 Qe5 18. f4 Qxe4 19. Bb5 Rf8 20. Rhe1 Qf3
21. Re3 Qg4 22. Be2 Qg2 23. Qd4 Ng7 24. Bf3 Qh3 25. Nf6+ Kh8 26. Bxb7 Qxe3+ 27.
Qxe3 Bxb7 28. Rd7 1-0

[Event "Zurich Jubilee Open 2009"]
[Site "Zuerich SUI"]
[Date "2009.08.12"]
[Round "5.11"]
[White "Recuero Guerra, David"]
[Black "Mikhalevski, Victor"]
[Result "0-1"]
[WhiteElo "2460"]
[BlackElo "2631"]
[PlyCount "62"]
[EventDate "2009.08.09"]
[EventType "swiss"]
[EventRounds "9"]
[EventCountry "SUI"]
[Source "lmi"]
[SourceDate "2009.08.09"]

1. e4 e5 2. Nf3 Nc6 3. Bb5 a6 4. Bxc6 dxc6 5. O-O f6 6. d4 Bg4 7. c3 Bd6 8.
Nbd2 Nh6 9. Qb3 b5 10. h3 Bd7 11. Rd1 Nf7 12. Nf1 O-O 13. dxe5 fxe5 14. Bg5 Qe8
15. Bh4 Kh8 16. Bg3 Nh6 17. c4 c5 18. Nxe5 Bxh3 19. cxb5 Bxg2 20. Kxg2 Bxe5 21.
bxa6 Rxa6 22. Rd5 Bxb2 23. Re1 Bd4 24. Qc4 Rg6 25. Rxd4 cxd4 26. Qxd4 Qf7 27.
a4 Qf3+ 28. Kg1 Ng4 29. Nd2 Ne5 30. Qe3 Qh5 31. Qe2 Qh3 0-1

[Event "Zurich Jubilee Open 2009"]
[Site "Zuerich SUI"]
[Date "2009.08.12"]
[Round "5.12"]
[White "Strohhaeker, Raoul"]
[Black "Gharamian, Tigran"]
[Result "0-1"]
[WhiteElo "2439"]
[BlackElo "2615"]
[PlyCount "122"]
[EventDate "2009.08.09"]
[EventType "swiss"]
[EventRounds "9"]
[EventCountry "SUI"]
[Source "lmi"]
[SourceDate "2009.08.09"]

1. e4 g6 2. d4 Bg7 3. Nc3 c6 4. Nf3 d6 5. Bd3 Bg4 6. Ne2 c5 7. dxc5 Bxf3 8.
gxf3 Qa5+ 9. c3 Qxc5 10. Be3 Qc7 11. f4 Nf6 12. f3 Nc6 13. Qd2 a6 14. O-O-O d5
15. Kb1 O-O-O 16. Qc2 dxe4 17. fxe4 e6 18. Qb3 Nd7 19. e5 Bf8 20. Ng3 Bc5 21.
Bxc5 Nxc5 22. Qc2 Ne7 23. Be4 h5 24. Bf3 Kb8 25. Rxd8+ Rxd8 26. Rd1 Rd7 27. Rd4
h4 28. Ne4 Nxe4 29. Bxe4 Rxd4 30. cxd4 Qa5 31. Qc3 Qb5 32. a3 Nd5 33. Bxd5 exd5
34. Qh3 Qc4 35. Qxh4 Qxd4 36. Qf6 Qd3+ 37. Ka2 Qc4+ 38. b3 Qc2+ 39. Ka1 Qc3+
40. Ka2 Qc2+ 41. Ka1 Qc3+ 42. Kb1 Qxb3+ 43. Kc1 Qxa3+ 44. Kd2 Qb2+ 45. Kd3 Qb3+
46. Kd2 Qb4+ 47. Ke2 Qc4+ 48. Kf2 d4 49. Qd6+ Ka7 50. h4 a5 51. f5 Qc2+ 52. Kg3
Qd3+ 53. Kh2 Qe2+ 54. Kg3 Qe3+ 55. Kg4 Qe4+ 56. Kg3 Qd3+ 57. Kh2 Qxf5 58. Qc5+
b6 59. Qc7+ Ka6 60. Qc4+ Kb7 61. Qxd4 Qe6 0-1

[Event "Zurich Jubilee Open 2009"]
[Site "Zuerich SUI"]
[Date "2009.08.12"]
[Round "5.15"]
[White "Malakhatko, Vadim"]
[Black "Mihailovs, Jurijs"]
[Result "1-0"]
[WhiteElo "2570"]
[BlackElo "2408"]
[PlyCount "67"]
[EventDate "2009.08.09"]
[EventType "swiss"]
[EventRounds "9"]
[EventCountry "SUI"]
[Source "lmi"]
[SourceDate "2009.08.09"]

1. d4 Nf6 2. c4 c5 3. d5 b5 4. cxb5 a6 5. bxa6 g6 6. Nc3 Bxa6 7. g3 d6 8. Bg2
Nbd7 9. Nf3 Nb6 10. b3 Bg7 11. Rb1 Bb7 12. Nh4 Ra5 13. O-O Qa8 14. Bd2 O-O 15.
a4 Ne8 16. e4 Ra6 17. Re1 Nc7 18. Qc1 Re8 19. Bf1 Ra7 20. Nb5 Nxb5 21. Bxb5 Rb8
22. a5 Nc8 23. Qc4 f5 24. Bd7 Bxd5 25. Be6+ Bxe6 26. Qxe6+ Kh8 27. exf5 d5 28.
fxg6 Nd6 29. Qh3 h6 30. Ng2 Ne4 31. Bxh6 e5 32. f3 Nf6 33. Bg5+ Kg8 34. Qe6+
1-0

[Event "Zurich Jubilee Open 2009"]
[Site "Zuerich SUI"]
[Date "2009.08.12"]
[Round "5.16"]
[White "Moor, Oliovier"]
[Black "Hess, Robert L"]
[Result "0-1"]
[WhiteElo "2404"]
[BlackElo "2560"]
[PlyCount "112"]
[EventDate "2009.08.09"]
[EventType "swiss"]
[EventRounds "9"]
[EventCountry "SUI"]
[Source "lmi"]
[SourceDate "2009.08.09"]

1. d4 g6 2. c4 Bg7 3. e4 d6 4. Nc3 e5 5. d5 f5 6. Bd3 f4 7. g3 Qf6 8. h4 Nh6 9.
Be2 O-O 10. g4 Qd8 11. g5 Nf7 12. Bg4 Na6 13. Bxc8 Rxc8 14. Nf3 c6 15. Bd2 cxd5
16. cxd5 b5 17. Qe2 Rb8 18. Rc1 Qd7 19. a4 Nc5 20. axb5 a6 21. Rb1 Nb3 22. Kf1
axb5 23. Na2 Ra8 24. Nb4 Ra4 25. Qd1 Nc5 26. b3 Raa8 27. Qc2 Rfc8 28. Ke2 Nd8
29. Ra1 Rab8 30. Rhc1 Qg4 31. Qb1 Nce6 32. dxe6 Nxe6 33. Bc3 Rxc3 34. Rxc3 Nd4+
35. Kd1 Nxf3 36. Kc2 Nd4+ 37. Kb2 Qe2+ 38. Nc2 Qxe4 39. Ra7 Ne6 40. Qd1 Rd8 41.
Ka2 Ra8 42. Rxa8+ Qxa8+ 43. Kb1 e4 44. Qxd6 Bxc3 45. Qxe6+ Kh8 46. Qf7 Qg8 47.
Qxf4 Qxb3+ 48. Kc1 Bb2+ 49. Kd1 Qd3+ 50. Qd2 Bc3 51. Qxd3 exd3 52. Ne3 Kg7 53.
f4 b4 54. f5 b3 55. f6+ Kf7 56. Kc1 Bd2+ 0-1

[Event "Zurich Jubilee Open 2009"]
[Site "Zuerich SUI"]
[Date "2009.08.12"]
[Round "5.17"]
[White "Novichkov, Valery"]
[Black "Guliyev, Namig"]
[Result "1/2-1/2"]
[WhiteElo "2377"]
[BlackElo "2555"]
[PlyCount "144"]
[EventDate "2009.08.09"]
[EventType "swiss"]
[EventRounds "9"]
[EventCountry "SUI"]
[Source "lmi"]
[SourceDate "2009.08.09"]

1. e4 c5 2. Nf3 e6 3. d4 cxd4 4. Nxd4 Nf6 5. Bd3 d5 6. exd5 Nxd5 7. O-O Be7 8.
Nd2 O-O 9. N2f3 Nd7 10. c4 N5f6 11. Qe2 a6 12. b3 Re8 13. Bb2 Bf8 14. Ne5 Nxe5
15. Qxe5 Bd6 16. Qg5 h6 17. Qh4 e5 18. Nf5 Bxf5 19. Bxf5 Qa5 20. Rad1 Rad8 21.
Bb1 Ba3 22. Ba1 Bc5 23. Qg3 Rxd1 24. Rxd1 Rd8 25. Rf1 Bd4 26. Bxd4 Rxd4 27. h3
h5 28. Qf3 Qb4 29. Qf5 Qe7 30. Re1 g6 31. Qg5 Qd6 32. c5 Qc6 33. Qxe5 Rd5 34.
Qb8+ Kg7 35. b4 Rg5 36. Qh2 Qd5 37. a3 h4 38. Kh1 Nh5 39. Be4 Qa2 40. Qg1 Qxa3
41. Rb1 a5 42. Qc1 Qxc1+ 43. Rxc1 axb4 44. Bxb7 b3 45. c6 b2 46. Rb1 Rc5 47.
Rxb2 Nf4 48. Rd2 Ne6 49. g3 hxg3 50. fxg3 Rc3 51. Kg2 Nc5 52. Re2 f5 53. c7
Nxb7 54. c8=Q Rxc8 55. Re7+ Kf6 56. Rxb7 Rc2+ 57. Kf3 Rh2 58. Rb6+ Kg5 59. h4+
Kh6 60. Ra6 Rb2 61. Ra7 Rb4 62. Rc7 Rb3+ 63. Kf4 Ra3 64. Rb7 Ra4+ 65. Kf3 Rc4
66. Ra7 g5 67. hxg5+ Kxg5 68. Rg7+ Kf6 69. Rg8 Rc3+ 70. Kf4 Rc4+ 71. Kf3 Rc3+
72. Kf4 Rc4+ 1/2-1/2

[Event "Zurich Jubilee Open 2009"]
[Site "Zuerich SUI"]
[Date "2009.08.12"]
[Round "5.18"]
[White "Jovanic, Ognjen"]
[Black "Mensch, Etienne"]
[Result "1-0"]
[WhiteElo "2541"]
[BlackElo "2357"]
[PlyCount "135"]
[EventDate "2009.08.09"]
[EventType "swiss"]
[EventRounds "9"]
[EventCountry "SUI"]
[Source "lmi"]
[SourceDate "2009.08.09"]

1. d4 Nf6 2. Nf3 g6 3. Bg5 Bg7 4. e3 O-O 5. Be2 d6 6. O-O h6 7. Bh4 Nc6 8. c4
g5 9. Bg3 Nd7 10. Nc3 e5 11. d5 Ne7 12. e4 f5 13. exf5 e4 14. Nd4 Bxd4 15. Qxd4
Nc5 16. b4 Nxf5 17. Qd2 e3 18. fxe3 Nxg3 19. hxg3 Nd7 20. Rxf8+ Qxf8 21. Rf1
Qe7 22. Qd4 Ne5 23. Ne4 Bd7 24. Rf6 Rf8 25. Rxh6 Bf5 26. Rh5 Bxe4 27. Qxe4 Rf7
28. Bg4 Rh7 29. Be6+ Kh8 30. g4 Rxh5 31. gxh5 Qh7 32. Qxh7+ Kxh7 33. c5 g4 34.
cxd6 cxd6 35. Kf2 Kh6 36. Kg3 Kxh5 37. Kf4 Ng6+ 38. Ke4 Kg5 39. Bc8 b6 40. Bd7
Ne5 41. Bb5 Ng6 42. g3 Ne5 43. a4 Nf3 44. Be2 Ne5 45. a5 Nd7 46. Kd4 Ne5 47.
Ba6 Kf6 48. Bc8 Kg5 49. Kc3 Kf6 50. Kb3 Ke7 51. Ka4 Kd8 52. Bf5 Kc7 53. Kb5 Kb7
54. Be6 bxa5 55. bxa5 Kc7 56. Bf5 Kb7 57. Bc2 Kc7 58. Bd1 Kb7 59. Be2 Kc7 60.
Kb4 Kd7 61. Kb3 Kd8 62. Kc2 Ke7 63. Kc3 Kd7 64. Kd4 Ke7 65. Ke4 Kf6 66. Kf4 Kg6
67. Bxg4 Nc4 68. a6 1-0

[Event "Zurich Jubilee Open 2009"]
[Site "Zuerich SUI"]
[Date "2009.08.12"]
[Round "5.19"]
[White "Brendel, Oliver"]
[Black "Gasanov, Eldar"]
[Result "1-0"]
[WhiteElo "2375"]
[BlackElo "2536"]
[PlyCount "105"]
[EventDate "2009.08.09"]
[EventType "swiss"]
[EventRounds "9"]
[EventCountry "SUI"]
[Source "lmi"]
[SourceDate "2009.08.09"]

1. e4 c5 2. Nf3 d6 3. d4 cxd4 4. Nxd4 Nf6 5. Nc3 Bd7 6. f3 e5 7. Nb3 Be7 8. Be3
O-O 9. Qd2 a5 10. a4 Na6 11. Nb5 Bc6 12. Nxa5 d5 13. exd5 Nxd5 14. Nxc6 bxc6
15. Nc3 Nxe3 16. Qxe3 Bc5 17. Qe4 Qb6 18. Bd3 g6 19. Qc4 Rfd8 20. a5 Qxb2 21.
Rb1 Qa3 22. Rb7 Qc1+ 23. Ke2 Qe3+ 24. Kd1 Qf4 25. Qxf4 exf4 26. Ne4 Bd4 27. Bc4
Ra7 28. Rxa7 Bxa7+ 29. Ke2 Nc5 30. Nxc5 Bxc5 31. Rb1 Be3 32. Bd3 c5 33. Rd1 c4
34. Bxc4 Rxd1 35. Kxd1 Kf8 36. Ke2 Ke7 37. Kd3 f6 38. a6 Kd6 39. h4 h5 40. g4
Kc7 41. Ke2 Kb6 42. Bf7 Kxa6 43. Bxg6 hxg4 44. fxg4 Kb6 45. h5 Bc5 46. Kf3 Kc7
47. Kxf4 Kd7 48. Kf5 Ke7 49. h6 Kf8 50. Kxf6 Be3 51. g5 Bd4+ 52. Kf5 Bc3 53.
Kg4 1-0

[Event "Zurich Jubilee Open 2009"]
[Site "Zuerich SUI"]
[Date "2009.08.12"]
[Round "5.20"]
[White "Knoedler, Dieter"]
[Black "Shchekachev, Andrei"]
[Result "0-1"]
[WhiteElo "2366"]
[BlackElo "2530"]
[PlyCount "76"]
[EventDate "2009.08.09"]
[EventType "swiss"]
[EventRounds "9"]
[EventCountry "SUI"]
[Source "lmi"]
[SourceDate "2009.08.09"]

1. Nf3 c5 2. c4 g6 3. g3 Bg7 4. Bg2 Nc6 5. Nc3 d6 6. O-O e6 7. a3 Nge7 8. Rb1
O-O 9. b4 b6 10. Qb3 Bb7 11. d3 Nf5 12. e3 Qd7 13. Bb2 Nfe7 14. Rfd1 Rad8 15.
Ne2 e5 16. Bc3 Nf5 17. Qb2 Rde8 18. bxc5 dxc5 19. a4 Qc7 20. Nd2 Nfd4 21. Nc1
Ba8 22. Qa2 Ne6 23. a5 bxa5 24. Rb5 a6 25. Bxa5 Nxa5 26. Rxa5 Bxg2 27. Kxg2
Qc6+ 28. Kg1 Ra8 29. Ncb3 Rfb8 30. Ne4 f5 31. Nexc5 Qf3 32. Rd2 Ng5 33. h4 Nh3+
34. Kh2 g5 35. Rxa6 gxh4 36. gxh4 Kh8 37. Ne6 Rxa6 38. Qxa6 Nxf2 0-1

[Event "Zurich Jubilee Open 2009"]
[Site "Zuerich SUI"]
[Date "2009.08.12"]
[Round "5.22"]
[White "Fruebing, Stefan"]
[Black "Gonzales Garcia, Jose"]
[Result "1/2-1/2"]
[WhiteElo "2305"]
[BlackElo "2509"]
[PlyCount "64"]
[EventDate "2009.08.09"]
[EventType "swiss"]
[EventRounds "9"]
[EventCountry "SUI"]
[Source "lmi"]
[SourceDate "2009.08.09"]

1. e4 c5 2. Nf3 d6 3. d4 cxd4 4. Nxd4 Nf6 5. Nc3 Nc6 6. Be2 e5 7. Nf3 h6 8. O-O
Be7 9. Re1 O-O 10. h3 a6 11. Bc4 Na5 12. Bd5 Be6 13. b3 Rc8 14. Bb2 b5 15. a3
Nxd5 16. exd5 Bf5 17. Qd2 Bg6 18. Rad1 Bh5 19. Re3 Bg5 20. Nxg5 Bxd1 21. Nxf7
Rxf7 22. Qxd1 Nb7 23. Rg3 Qh4 24. Qe2 Rcf8 25. Ne4 Rf4 26. Nxd6 Nxd6 27. Qxe5
R4f6 28. Qxd6 Rxd6 29. Rxg7+ Kh8 30. Rf7+ Kg8 31. Rg7+ Kh8 32. Rf7+ Kg8 1/2-1/2

[Event "Zurich Jubilee Open 2009"]
[Site "Zuerich SUI"]
[Date "2009.08.12"]
[Round "5.23"]
[White "Riff, Jean-noel"]
[Black "Hitzler, Philipp"]
[Result "1-0"]
[WhiteElo "2505"]
[BlackElo "2269"]
[PlyCount "95"]
[EventDate "2009.08.09"]
[EventType "swiss"]
[EventRounds "9"]
[EventCountry "SUI"]
[Source "lmi"]
[SourceDate "2009.08.09"]

1. e4 e5 2. Nf3 Nc6 3. Bb5 a6 4. Ba4 Nf6 5. O-O Be7 6. Re1 b5 7. Bb3 d6 8. c3
O-O 9. h3 Na5 10. Bc2 c5 11. d4 Qc7 12. Nbd2 Bd7 13. Nf1 Nc4 14. Ng3 g6 15. b3
Nb6 16. Be3 Rfc8 17. Rc1 Bf8 18. Bb1 Rab8 19. Qd2 Bg7 20. Red1 Ne8 21. Ne1 Rd8
22. f4 f6 23. Qf2 c4 24. Nf3 Nc8 25. Rd2 Be6 26. b4 exf4 27. Bxf4 Rd7 28. Re1
Ne7 29. Nf1 a5 30. a3 Ra8 31. Ra2 Qb7 32. Ne3 Nc7 33. Ree2 Rf8 34. d5 Bf7 35.
bxa5 f5 36. Ng5 fxe4 37. Qh4 h6 38. Nxe4 Ncxd5 39. Bxh6 Nxe3 40. Nf6+ Bxf6 41.
Qxf6 N3f5 42. Bxf5 Nxf5 43. Bxf8 Kxf8 44. Qh8+ Bg8 45. Re8+ Kxe8 46. Qxg8+ Ke7
47. Re2+ Kf6 48. Re6+ 1-0

[Event "Zurich Jubilee Open 2009"]
[Site "Zuerich SUI"]
[Date "2009.08.12"]
[Round "5.24"]
[White "Vuilleumier, Alexandre"]
[Black "Reinaldo Castineira, Roi"]
[Result "1/2-1/2"]
[WhiteElo "2304"]
[BlackElo "2503"]
[PlyCount "107"]
[EventDate "2009.08.09"]
[EventType "swiss"]
[EventRounds "9"]
[EventCountry "SUI"]
[Source "lmi"]
[SourceDate "2009.08.09"]

1. e4 e5 2. Nf3 d6 3. d4 exd4 4. Nxd4 Nf6 5. Nc3 Be7 6. Bf4 O-O 7. Qd2 d5 8.
Ndb5 Bb4 9. Nxc7 Ba5 10. Nxa8 Nxe4 11. Bc7 Qe8 12. Bb5 Bxc3 13. Bxe8 Bxd2+ 14.
Ke2 Rxe8 15. Bxb8 Ba5 16. Nc7 Bg4+ 17. f3 Rxb8 18. Nxd5 Re8 19. fxg4 Nf6+ 20.
Kf3 Nxd5 21. c4 Nb6 22. Rac1 Nd7 23. c5 Ne5+ 24. Kg3 Bc7 25. Rc3 g5 26. h3 Re6
27. Kf2 Nc6 28. Re3 Be5 29. Ke2 Bxb2 30. Rxe6 Nd4+ 31. Kd2 Nxe6 32. Rb1 Bd4 33.
Rxb7 Bxc5 34. Kd3 Bb6 35. Kc4 Nf4 36. Kb5 Bg1 37. g3 Nxh3 38. Ka6 Bd4 39. Rd7
Be3 40. Re7 Bd4 41. Rd7 Bc5 42. a4 Nf2 43. a5 Nxg4 44. Rxa7 h5 45. Rc7 Bf2 46.
Kb7 h4 47. gxh4 gxh4 48. Rc4 Ne5 49. Rf4 Nd3 50. Rf3 Be1 51. Rxd3 Bxa5 52. Kc6
Kg7 53. Kd5 Kg6 54. Ke4 1/2-1/2